000 00566nam a2200193Ia 4500
005 20250326143529.0
008 250326s9999 xx 000 0 und d
037 _aTextbook
040 _aFMSL
_beng
_cFMSL
041 _aeng
_2eng
084 _aX:8 P5
_qFMSL
100 _aProctor Tony
245 0 _aCreative problem solving for managers: developing skills for decision making and innovation
_cProctor Tony
250 _a2nd
260 _aNew York
_bNew York, Routledge
_c2005
300 _a291p
942 _cTB
_hX:8 P5
999 _c1299973
_d1299973